00625cam a22002057a 4500003000500000005001700005008004100022010000900063011000900072035000900081040000900090100002800099245011200127260006100239300001800300490002900318650002600347650001700373830002900390CHAP20220817040954.0971013s1990 r 00010 d a3743 a4715 a3919 cCHAP00aOrtiz P., Mario Arturo. 0aPerfiles geomorfológicos complejosb: significado y aplicación en la interpretación morofotectónica aMéxico, D. F. :bUNAM. Instituto de Geografía,c1990 a46 p.b: ilus 0aSerie varía T. 1v; 1214aGeografía física.14aTectónica.0 aSerie varía T. 1v; 12